01667nam a2200253 a 450000100100000000500170001000800410002704000250006808200150009310000370010824502130014525000130035826000450037130000340041650000250045050002470047550000480072250503870077070000440115770000470120170000400124895201080128899900170139600002024920200929170330.0091118s1988 dr ab 000 0 spa d aDO-SdBNPbspacBNPHU axxxxbxxxx1 aLluberes, Andrea Mercedes94286510aEstudios sociales 4 :beducación primaria /cAndrea Mercedes Lluberes ; revisado y actualizado por Rafael A. González ; dirección técnica Yolanda R de Sánchez ; ilustración Liliana P. de Lantigua. a2da. ed. aSanto Domingo :bDisesa,c1988fCorripio a150 p :bil., maps. ;c27 cm. aEducación primaria aEste libro ha sido re-evaluado y aprobado por la Secretaría de Estado de Educación, Bellas Artes y Cultos, mediante oficio No. 6695 de fecha 29 de julio de 1985, para ser usado como texto básico para el 4to. Curso de educacion primaria. aLa biblioteca solamente posee el volumen 4.0 gv. 4 :gunidad 1 --tLa tierra, nuestro planeta --gunidad 2 --tLa República Dominicana y sus características económicas --gunidad 3 --tLa vida en Santo Domingo durante el descubrimiento, conquista y colonización --gunidad 4 --tNacimiento, formación y evolución de nuestra patria --gunidad 5 --tSeamos buenos dominicanos --gunidad 6 --tActividades del hombre --1 aGonzález, Rafael A.eRev. Act.9428661 aR. de Sánchez, Yolandaedir. tec.9428631 aP. de Lantigua, Lilianaeil.942864 0010718PDaPDbPDcHDd2015-06-24iLF1l0ov. 4p20249-10r2020-06-25w2020-06-25yLFPDZNo se presta c19754d19754